banner-ar

الفن العراقى المعاصر / (Record no. 39402)

MARC details
000 -الفاتح
حقل البيانات ثابتة الطول 00708nam a2200217Ia 4500
008 - عناصر البيانات ثابتة الطول - معلومات عامة
حقل البيانات ثابتة الطول 140319s9999 xx 000 0 ara d
040 ## - مصدر الفهرسة
وكالة الفهرسة الأصلية GCL /
وكالة النسخ GCL
082 04 - رقم تصنيف ديوى العشرى
رقم التصنيف 709.9567
رقم المادة ج ف
100 1# - المدخل الرئيسى - إسم شخصى
الإسم الشخصى جبرا ابراهيم جبرا
245 10 - بيان العنوان
العنوان الفن العراقى المعاصر /
بيان المسئوليه,etc جبرا ابراهيم جبرا
260 ## - PUBLICATION, DISTRIBUTION, ETC. (IMPRINT)
تاريخ النشر أو التوزيع 1972
300 ## - الوصف المادى
التعداد ؛
أبعاد الوعاء 29 سم
490 ## - بيان السلسلة
عنوان السلسلة السلسلة الفنية
رقم المجلد/ التعيين التسلسلي 15
650 04 - المدخل الاضافى بالموضوع-مصطلح موضوعى
مصطلح موضوعي العصر الحديث
650 04 - المدخل الاضافى بالموضوع-مصطلح موضوعى
مصطلح موضوعي الفنون الجميلة
650 04 - المدخل الاضافى بالموضوع-مصطلح موضوعى
مصطلح موضوعي النحت
650 04 - المدخل الاضافى بالموضوع-مصطلح موضوعى
مصطلح موضوعي الرسم
650 04 - المدخل الاضافى بالموضوع-مصطلح موضوعى
مصطلح موضوعي الفن الاسلامى - العراق
942 ## - عناصر المدخل الإضافي( كوها)
مصدر التصنيف او مخطط الترفيف Dewey Decimal Classification
Koha [default] item type كتاب
260 ## - PUBLICATION, DISTRIBUTION, ETC. (IMPRINT)
-- العراق :
-- وزارة الاعلام العراقية ،
Holdings
حالة التراجع حالة الفقد حالة تلف ليس للاعارة المكان المؤقت الموقع الحالى تاريخ الاكتساب اجمالي اﻻعارات رقم الطلب الباركود تاريخ اخر مشاهدة تاريخ تفعيل السعر نوع وعاء كوها
        مكتبة القاهرة الكبرى مكتبة القاهرة الكبرى 03/26/2014   709.9567\ج ف 96403 03/26/2014 03/26/2014 كتاب
        مكتبة القاهرة الكبرى مكتبة القاهرة الكبرى 03/26/2014   709.9567\ج ف 96404 03/26/2014 03/26/2014 كتاب

Powered By

EGPV